| 000 | 01289cam a2200361 a 4500 | ||
|---|---|---|---|
| 999 |
_c331058 _d331058 |
||
| 001 | 14178253 | ||
| 003 | NUST | ||
| 005 | 20181219101739.0 | ||
| 008 | 040706s2004 pk 000 0 urdo | ||
| 010 | _a 2004343962 | ||
| 020 | _a9693515870 | ||
| 025 | _aP-U-2004343962; 08 | ||
| 035 | _a(DLC) 2004343962 | ||
| 038 | _awaseem | ||
| 040 |
_aDLC _cDLC _dDLC |
||
| 042 | _alcode | ||
| 043 | _aa-pk--- | ||
| 050 | 0 | 0 |
_aHN690.5.A8 _bA835 2004 |
| 082 |
_a891.4393 _bAHM |
||
| 100 | 0 |
_aAshfāq Aḥmad, _d1925-2004. _9639 |
|
| 245 | 1 | 0 |
_aZāviyah / _cAshfāq Aḥmad. |
| 260 |
_aLāhore : _bSang-i Mīl Pablīkeshanz, _c2013 |
||
| 300 |
_a320 p. ; _c25 cm. |
||
| 520 | _aWeekly program of Pakistan Television based on the lectures of noted scholar and Urdu writers on various social issues. | ||
| 546 | _aIn Urdu. | ||
| 651 | 0 |
_aPakistan _xSocial conditions. _938 |
|
| 880 |
_6100-01\(3\r _aاشفاق احمد |
||
| 880 |
_6245-02\(3\r _aزاویہ _cاشفاق احمد |
||
| 880 |
_6260-03\(3\r _aلاہور: _bسنگ میل پبلی کیشنز، _c2013 |
||
| 906 |
_a7 _bcbc _corigode _d2 _encip _f20 _gy-gencatlg |
||
| 942 |
_2ddc _cBK |
||